Music Quiz

Random Music or Artist Quiz

Popular words used in Band Names Quiz Stats

 Plays Quiz not verified by Sporcle

Challenge
Share
Tweet
Embed
Score 0/83 Timer 15:00
0 Plays Today
Shared Word Answer % Correct
GunsGuns 'n Roses
83.7%
DeepDeep Purple
76.1%
MenMen at Work
72.8%
BlackBlack Sabbath
63%
DethMegadeth
54.8%
EyeThird Eye Blind
54.3%
BlindThird Eye Blind
54.3%
GrandGrand Funk Railroad
52.4%
WhiteThe White Stripes
52.2%
MachineRage Against the Machine
51.1%
SmashSmashmouth
50%
FaithFaith No More
50%
HouseHouse of Pain
48.9%
NewNew Order
48.9%
RedSimply Red
47.8%
SisterTwisted Sister
47.8%
WhiteWhitesnake
46.2%
HouseCrowded House
45.7%
FourFour Tops
45.7%
StoneStone Temple Pilots
44.6%
RedRed Hot Chili Peppers
43.5%
ThreeThree Dog Night
43.5%
BadBad Company
43.5%
BlindBlind Melon
42.4%
BlackBlack Flag
41.3%
DeadDead Kennedy's
41.3%
StoneRolling Stones
40.2%
MenMen without Hats
39.1%
Shared Word Answer % Correct
BlindBlind Faith
39.1%
FaithBlind Faith
39.1%
DeadDead or Alive
38%
MyMy Bloody Valentine
38%
ValentineBullet for my Valentine
38%
ValentineMy Bloody Valentine
38%
FourFour Seasons
38%
FiveFive for Fighting
38%
Down3 Doors Down
38%
HeadRadiohead
37%
ModernModern English
35.9%
MyMy Chemical Romance
34.8%
BoysBackstreet Boys
34.8%
WhiteWhite Zombie
33.7%
ThreeThree Days Grace
33.7%
SmashSmashing Pumpkins
33.7%
HollywoodFrankie goes to Hollywood
31.5%
DeadGrateful Dead
30.8%
TheoryTheory of a Deadman
30.4%
AllAll Saints
29.3%
DeepDeep Blue Something
29.3%
DethDethklok
28.6%
MeColor Me Badd
28.3%
TheoryRev Theory
28.3%
BadColor me Badd
28.3%
HeadTalking Heads
28.3%
DownSystem of a Down
28.3%
GunsYoung Guns
28.3%
Shared Word Answer % Correct
NewNew Kids on the Block
27.7%
BlueBlue Oyster Cult
27.2%
HollywoodHollywood Undead
27.2%
BlackBlack Eyed Peas
26.2%
FiveFive Finger Death Punch
25%
DeathFive Finger Death Punch
25%
HeadPortishead
24.6%
MenBoyz2Men
24.4%
HeadMotorhead
23.9%
AllAll American Rejects
22.8%
ModernModern Talking
22.8%
BoysPetshop Boys
21.7%
GrandGrandmaster Flash and the Furious Five
19%
MachineFlorence and the Machine
18.5%
BlackBlack Crowes
18.5%
GoldGoldfish
17.4%
DarkThe Darkness
17.4%
GoldGolden Earring
16.3%
SisterScissors Sisters
16.3%
DeathDeath Cab for Cutie
16.3%
NewNew Found Glory
15.2%
BlueMoody Blues
14.1%
DarkDarkest Days
14.1%
WhiteGreat White
13.3%
MeMe First and the Gimme Gimmes
13%
EyeDead Eye Dick
9.8%
RedRed Rockers
6.2%

You're not logged in!

Compare scores with friends on all Sporcle quizzes.
OR
Log In

You Might Also Like...

Show Comments

Extras

Top Quizzes Today


Score Distribution

Your Account Isn't Verified!

In order to create a playlist on Sporcle, you need to verify the email address you used during registration. Go to your Sporcle Settings to finish the process.

Report this User

Report this user for behavior that violates our Community Guidelines.

Details: